000 00323nam a22001457a 4500
008 221020b ||||| |||| 00| 0 eng d
020 _a9780805055719
041 _aeng
080 _a159.9
082 _a159.9 MOF
100 _a24.1
101 _aPSI
245 _aAMERICAN PHYSICAL THERAPY
_cMOFFAT M
942 _2udc
_cBK
999 _c58615
_d58615